书目信息 |
| 题名: |
语文老师一定要知道的写字口诀
|
|
| 作者: | 曹靓 著 | |
| 分册: | ||
| 出版信息: | 北京 光明日报出版社 2016.02 |
|
| 页数: | 116页 | |
| 开本: | 24cm | |
| 丛书名: | 名师名校名校长书系 | |
| 单 册: | ||
| 中图分类: | G623.752 | |
| 科图分类: | ||
| 主题词: | 书法课--教学研究--小学 | |
| 电子资源: | ||
| ISBN: | 978-7-5112-9533-0 | |
| 000 | 01115oam2 2200253 450 | |
| 001 | 0103152700 | |
| 005 | 20201103152732.0 | |
| 010 | @a978-7-5112-9533-0@dCNY36.00 | |
| 100 | @a20160426e20182016em y0chiy50 ea | |
| 101 | 0 | @achi |
| 102 | @aCN@b110000 | |
| 105 | @ay z 000yy | |
| 106 | @ar | |
| 200 | 1 | @a语文老师一定要知道的写字口诀@Ayu wen lao shi yi ding yao zhi dao de xie zi kou jue@f曹靓著 |
| 210 | @a北京@c光明日报出版社@d2016.02@h2018.06 | |
| 215 | @a116页@d24cm | |
| 225 | 2 | @a名师名校名校长书系 |
| 330 | @a本书由“名师点睛”“小贴士”“名师解惑”“名师讲坛”四个部分组成。“名师点睛”部分展示的是与一年级教材同步的所有“四会”字和基本笔画的写字口诀;“小贴士”部分主要是对本课写字口诀中出现的书写规律进行讲解、梳理;“名师解惑”部分呈现的是学生书写中常出现的败笔例字及对这些例字问题的点评;“名师讲坛”部分以短小的形式,对“如何进行写字教学”“写字口诀编写的原则”等进行阐述。 | |
| 461 | 0 | @12001 @a名师名校名校长书系 |
| 606 | 0 | @a书法课@x教学研究@x小学 |
| 690 | @aG623.752@v5 | |
| 701 | 0 | @a曹靓@Acao liang@c(女)@4著 |
| 801 | 0 | @aCN@bBJSZM@c20201103 |
| 905 | @b1257786-90@dG623.752@e1079@f5 | |
| 语文老师一定要知道的写字口诀/曹靓著.-北京:光明日报出版社,2016.02(2018.06) |
| 116页;24cm.-(名师名校名校长书系) |
| ISBN 978-7-5112-9533-0:CNY36.00 |
| 本书由“名师点睛”“小贴士”“名师解惑”“名师讲坛”四个部分组成。“名师点睛”部分展示的是与一年级教材同步的所有“四会”字和基本笔画的写字口诀;“小贴士”部分主要是对本课写字口诀中出现的书写规律进行讲解、梳理;“名师解惑”部分呈现的是学生书写中常出现的败笔例字及对这些例字问题的点评;“名师讲坛”部分以短小的形式,对“如何进行写字教学”“写字口诀编写的原则”等进行阐述。 |
| ● |
| 相关链接 |
|
|
|
|
正题名:语文老师一定要知道的写字口诀
索取号:G623.752/1079
 
预约/预借
| 序号 | 登录号 | 条形码 | 馆藏地/架位号 | 状态 | 备注 |
| 1 | 1257786 | 212577861 | 第一样本阅览室/ [索取号:G623.752/1079] | 在馆 | |
| 2 | 1257787 | 212577870 | 教育系资料室/ [索取号:G623.752/1079] | 在馆 | |
| 3 | 1257788 | 212577889 | 教育系资料室/ [索取号:G623.752/1079] | 在馆 | |
| 4 | 1257789 | 212577898 | 第四借阅区/ [索取号:G623.752/1079] | 在馆 | |
| 5 | 1257790 | 212577905 | 第四借阅区/ [索取号:G623.752/1079] | 在馆 |